000 00555nam a2200193Ia 4500
003 LDD
008 181029s9999 xx 000 0 und d
020 _a1599043858
_cUS
_445.00
040 _cLDD
100 _aPour, Mehdi Khosrow
245 0 _aDictionary of information science and technology
_cMehdi Khosrow Pour
260 _aHershey
_bIdea
_c2007
300 _a2v.
365 _bUS
_445.00
901 _a3887
_b20-03-2007
902 _a1380
_b20-03-2007
_cF
_dBB
_e0
903 _aDiscount-10
_bReqst by : Uma kanjilal
942 _2ddc
_cBK
999 _c78655
_d78655